000 00489nam a2200181Ia 4500
005 20250508151526.0
008 008 250505s9999 xx 000 0 eng d
037 _aTextual
040 _aFEDL
_beng
_cFEDL
041 _aeng
_2eng
084 _a371.73, LYO
_qFEDL
100 _aBurkard W E
245 0 _aBuilding for good health
260 _aChicago, USA
_bLyons and Carnahan
_c1950
300 _aviii,318p.
942 _cTEXL
_h371.73, LYO
999 _c1330350
_d1330350